| 000 | 00619nam a2200157Ia 4500 | ||
|---|---|---|---|
| 008 | 220216s9999 xx 000 0 und d | ||
| 100 | _aThulaseedharan A | ||
| 245 | 0 | _aPreliminary report on the incidence of tapping panel dryness in tissue culture plants of Heeva brasiliensis | |
| 260 | _bIn: Tapping Panel Dryness of Rubber Trees (Eds.James Jacob; R Krishnakumar and N.M. Mathew) Rubber Research Institute of India, Kottayam, 2006, pp.130-133. | ||
| 650 | _aSelf rooted plants | ||
| 650 | _aShoot tip culture | ||
| 650 | _aStock/scion interaction | ||
| 700 | _aJayasree P K | ||
| 700 | _aKala R G | ||
| 942 | _cBS | ||
| 999 |
_c50741 _d50741 |
||